000 00771cam a2200253 a 4500
999 _c2559
_d2559
001 50647636
003 OSt
005 20230713155412.0
008 020923s2002 nyua j 00011 eng d
020 _a9780060283285 (hard)
040 _aXCX
_cTML
_dKH8
082 0 0 _a813.6 NUM
100 1 0 _aNumeroff, Laura.
_eAuthor
245 1 0 _aIf you take a mouse to school
_c/ by Laura Numeroff ; illustrated by Felicia Bond.
250 _a1st ed.
260 0 _aNew York
_b: Laura Geringer Books/HarperCollins
_c, c2002.
300 _a[32] p.
_b: col. ill.
_c; 24 cm.
520 _aFollows a boy and his mouse through a busy day at school.
521 _a4-8.
650 1 1 _aSchools
_xFiction.
650 1 1 _aMice
_xFiction.
700 1 1 _aBond, Felicia
_e, ill.
942 _2ddc
_cFIC